Statistics for Track and Field Athletes with the Most Medals

Click here to take the quiz!

General Stats

  • This quiz has been taken 108 times
    (57 since last reset)
  • The average score is 3 of 9

Answer Stats

HintAnswer% Correct
22Usain Bolt
98%
24Shelly-Ann Fraser-Pryce
42%
20Carl Lewis
38%
16Shericka Jackson
38%
31Allyson Felix
35%
15Justin Gatlin
35%
23Merlene Ottey
10%
15LaShawn Merritt
6%
19Veronica Campbell-Brown
6%

Score Distribution

Percentile by Number Answered

Percent of People with Each Score

Your Score History

You have not taken this quiz since the last reset